000 00565nam a2200205Ia 4500
003 OSt
005 20250901162937.0
008 210210b2001 xxu||||| |||| 00| 0 eng d
020 _a9788123707341
040 _cAL
041 _aeng
082 _a342 KASO
100 _aSubhash C Kashyap
_9238156
245 _aOur constitution
_b: an introduction to Indias constitution and constitutional law
260 _aNew Delhi
_bNational Book trust, India
_c2001
300 _axxvi,416p
690 _aIndian Constitution
_9238166
906 _a066515
942 _2ddc
_cBK
999 _c147722
_d147722